Normal view
MARC view
Entry Personal Name
001 - CONTROL NUMBER
- control field: 57115
003 - CONTROL NUMBER IDENTIFIER
- control field: OSt
005 - DATE AND TIME OF LATEST TRANSACTION
- control field: 20160514145831.0
008 - FIXED-LENGTH DATA ELEMENTS
- fixed length control field: 160514|| aca||aabn | a|a d
040 ## - CATALOGING SOURCE
- Original cataloging agency: OSt
- Transcribing agency: OSt
100 ## - HEADING--PERSONAL NAME
- Personal name: भारदाज, शीतांशु
670 ## - SOURCE DATA FOUND
- Source citation: Work cat.: (OSt)49034: भारदाज, शीतांशु , युवामन की कहानियॉ , 2012









